Men's tennis: Top Roland Garros Winners (Open Era) - Statistics

General Stats
  • This quiz has been taken 1,876 times
  • The average score is 4 of 8
Answer Stats
Hint Answer % Correct
13 Rafael Nadal
100%
6 Bjorn Borg
79%
3 Ivan Lendl
59%
3 Gustavo Kuerten
58%
3 Mats Wilander
47%
2 Jim Courier
45%
2 Sergi Bruguera
32%
2 Jan Kodes
12%
No matching quizzes found
Score Distribution
Percent of People with Each Score
Percentile by Number Answered
Your Score History
You have not taken this quiz